000 00666nam a2200181 a 4500
001 000029161
005 20260521073716.0
008 110127s2001 dr a 000 0 spa d
040 _aDO-SdBNP
_bspa
_cBNPHU
082 _axxx
_bG216f
100 1 _aGarcía Romero, Gladys Graciela
_917396
245 1 0 _aFormación ciudadana para el nivel medio /
_cGladys Graciela García Romero ; presentación MU-KIEN Adriana Sang.
260 _aSanto Domingo :
_bPontificia Universidad Católica Madre y Maestra,
_c2001.
300 _a146 p. :
_bil. ;
_c29 cm.
504 _aBibliografía : p. 141-142
700 1 _aSang, Mu-Kien A.
_d1955-
_q(Mu-Kien Adriana)
_9331
049 _aBNPD
999 _c28653
_d28653